مكتبة جامعة عجلون الوطنية

فهرس بحث المكتبة

أثر ممارسات ادارة الاحتواء العالي على الالتزام التنظيمي لدى العاملين في البنوك التجارية الاردنية = The Impact of High Involvement Management Practices on Organizational Commitment of Employees at Jordanian Commercial Banks / (Record no. 33451)

MARC details
000 -LEADER
fixed length control field 01154nam a22001937a 4500
003 - CONTROL NUMBER IDENTIFIER
control field JO-AjAnu
005 - DATE AND TIME OF LATEST TRANSACTION
control field 20240605114644.0
008 - FIXED-LENGTH DATA ELEMENTS--GENERAL INFORMATION
fixed length control field 240414b jo ||||| |||| 00| 0 ara d
040 ## - CATALOGING SOURCE
Original cataloging agency JO-AjAnu
Language of cataloging ara
Transcribing agency JO-AjAnu
041 #0 - LANGUAGE CODE
Language code of text/sound track or separate title ara
100 #1 - MAIN ENTRY--PERSONAL NAME
Personal name المومني، عبيدة محمد جميل
Relator term معد
9 (RLIN) 65357
245 10 - TITLE STATEMENT
Title أثر ممارسات ادارة الاحتواء العالي على الالتزام التنظيمي لدى العاملين في البنوك التجارية الاردنية = The Impact of High Involvement Management Practices on Organizational Commitment of Employees at Jordanian Commercial Banks /
Statement of responsibility, etc. اعداد عبيدة محمد جميل المومني ؛ اشراف علي فلاح الزعبي
260 ## - PUBLICATION, DISTRIBUTION, ETC.
Date of publication, distribution, etc. 2023
300 ## - PHYSICAL DESCRIPTION
Extent 130 ورقة
501 ## - WITH NOTE
With note رسالة جامعية ( رسالة ماجستير في ادارة الاعمال ) - جامعة عجلون الوطنية ( عجلون، الاردن)، كلية الاعمال، 2023
650 70 - SUBJECT ADDED ENTRY--TOPICAL TERM
Topical term or geographic name entry element الموظفون - الولاء التنظيمي - الالتزام
9 (RLIN) 65358
700 #1 - ADDED ENTRY--PERSONAL NAME
Personal name الزعبي، علي فلاح
9 (RLIN) 28684
Relator term مشرف
942 ## - ADDED ENTRY ELEMENTS (KOHA)
Source of classification or shelving scheme Library of Congress Classification
Koha item type Thesis
Suppress in OPAC No
Holdings
Withdrawn status Lost status Source of classification or shelving scheme Damaged status Not for loan Home library Current library Date acquired Total Checkouts Full call number Barcode Date last seen Price effective from Koha item type
    Library of Congress Classification     مكتبة جامعة عجلون الوطنية مكتبة جامعة عجلون الوطنية 14/04/2024   HD58.7 2023 a29302 14/04/2024 14/04/2024 Thesis
    Library of Congress Classification     مكتبة جامعة عجلون الوطنية مكتبة جامعة عجلون الوطنية 14/04/2024   HD58.7 2023 a29301 14/04/2024 14/04/2024 Thesis